000 00862nam a2200253Ia 4500
003 OSt
005 20221005105444.0
006 a|||||r|||| 00| 0
007 ta
008 221004b |||||||| |||| 00| 0 hin d
020 _c250
024 _a105702
037 _b12954, 18/03/2011, Kitab Ghar
_cTextual
040 _aCRL
_cCRL
_bhin
041 _2hin
_ahin
082 _aO152,3M80x, K6;P9
100 _aप्रेमचंद
245 0 _aनारी - जीवन की कहानियॉं
246 _aNārī - jīvan kī kahāniyaॉan
260 _aनई दिल्ली
_bभारतीय ग्रंथ निकेतन भारत
_c2009
300 _a320पृ0
_ccm.
942 _hO152,3M80x, K6;P9
_cTEXL
_2cc
999 _c1015876
_d1015876